Star Wars Crawl - Attack of the Clones - Statistics

General Stats
  • This quiz has been taken 188 times
  • The average score is 51 of 80
Answer Stats
Answer % Correct
the
94%
the
94%
the
94%
the
94%
the
94%
the
94%
the
94%
the
94%
the
94%
THE
94%
the
94%
Jedi
92%
Jedi...
92%
an
89%
of
84%
of
84%
of
84%
of
84%
OF
84%
Republic.
83%
REPUBLIC
83%
in
79%
in
79%
Senate.
79%
Senate
79%
Dooku,
78%
Galactic
77%
Galactic
77%
is
77%
is
77%
ARMY
76%
Count
75%
for
75%
to
72%
to
72%
to
72%
to
72%
to
72%
and
71%
on
70%
Naboo,
68%
Senator
68%
galaxy.
67%
Amidala,
66%
separatist
66%
Queen
64%
former
62%
it
56%
Knights
53%
There
53%
has
50%
peace
50%
systems
48%
movement,
47%
under
47%
have
46%
order
46%
vote
46%
assist
43%
leadership
43%
This
43%
mysterious
40%
leave
38%
their
38%
creating
36%
thousand
36%
unrest
36%
Several
33%
declared
32%
made
32%
maintain
32%
number
31%
overwhelmed
31%
solar
30%
difficult
29%
intentions
29%
issue
29%
returning
29%
limited
26%
critical
24%
No matching quizzes found
Score Distribution
Percent of People with Each Score
Percentile by Number Answered
Your Score History
You have not taken this quiz